[Event "EU-chT Seniors 50"]
[Site "Dresden"]
[Date "2022.10.27"]
[Round "1.2"]
[White "Daemering, Katrin"]
[Black "Beilfuss, Wilfried"]
[Result "1/2-1/2"]
[WhiteElo "1965"]
[BlackElo "2137"]
[PlyCount "63"]
[EventDate "2022.10.27"]
[EventType "team-swiss"]
[EventRounds "9"]
[EventCountry "GER"]
[SourceTitle "EXT 2024"]
[Source "ChessBase"]
[SourceDate "2023.10.10"]
[SourceVersion "1"]
[SourceVersionDate "2023.10.10"]
[SourceQuality "1"]
[WhiteTeam "Markkleeberg 50"]
[BlackTeam "Bielefeld 50"]
[WhiteTeamCountry "GER"]
[BlackTeamCountry "GER"]

1. e4 c5 2. Nf3 Nc6 3. d4 cxd4 4. Nxd4 Qb6 5. Nb3 Nf6 6. Nc3 e6 7. Be3 Qc7 8. a3 a6 9. f4 d6 10. Be2 Be7 11. 0-0 0-0 12. Bf3 b5 13. Qe1 Bb7 14. Rd1 Rfe8 15. Qf2 Bf8 16. g4 Nd7 17. Rd2 b4 18. axb4 Nxb4 19. Nd4 e5 20. Nf5 g6 21. Qg3 exf4 22. Bxf4 Ne5 23. Ne3 Bg7 24. Bg2 Qc5 25. Kh1 Rad8 26. g5 Nc4 27. Nxc4 Qxc4 28. Rxd6 Rxd6 29. Bxd6 Bxc3 30. Qxc3 Qxc3 31. bxc3 Nxc2 32. Rb1 1/2-1/2

[Event "WchT Seniors 65"]
[Site "Prague"]
[Date "2020.03.07"]
[Round "2.10"]
[White "Ogaard, Leif"]
[Black "Beilfuss, Wilfried"]
[Result "1-0"]
[WhiteElo "2362"]
[BlackElo "2205"]
[PlyCount "39"]
[EventDate "2020.03.06"]
[EventType "team-swiss"]
[EventRounds "7"]
[EventCountry "CZE"]
[SourceTitle "CBM 195 Extra"]
[Source "ChessBase"]
[SourceDate "2020.05.31"]
[SourceVersion "1"]
[SourceVersionDate "2020.05.31"]
[SourceQuality "1"]
[WhiteTeam "Norway 65"]
[BlackTeam "Germany 65 IX"]
[WhiteTeamCountry "NOR"]
[BlackTeamCountry "GER"]

1. c4 Nf6 2. Nc3 c5 3. Nf3 e6 4. g3 b6 5. Bg2 Bb7 6. 0-0 Be7 7. d4 cxd4 8. Qxd4 0-0 9. Rd1 Qc8 10. Bf4 d6 11. Bxd6 Bxd6 12. Qxd6 Qxc4 13. Rac1 Qc6 14. Qe7 Re8 15. Qa3 b5 16. Nd5 Qxd5 17. Rxd5 Bxd5 18. Nd4 Bxg2 19. Kxg2 Nbd7 20. Nxb5 1-0

[Event "WchT Seniors 65"]
[Site "Prague"]
[Date "2020.03.06"]
[Round "1.24"]
[White "Beilfuss, Wilfried"]
[Black "Koper, Stefan"]
[Result "1/2-1/2"]
[WhiteElo "2205"]
[BlackElo "1820"]
[PlyCount "56"]
[EventDate "2020.03.06"]
[EventType "team-swiss"]
[EventRounds "7"]
[EventCountry "CZE"]
[SourceTitle "CBM 195 Extra"]
[Source "ChessBase"]
[SourceDate "2020.05.31"]
[SourceVersion "1"]
[SourceVersionDate "2020.05.31"]
[SourceQuality "1"]
[WhiteTeam "Germany 65 IX"]
[BlackTeam "Czech Republic 65 XII"]
[WhiteTeamCountry "GER"]
[BlackTeamCountry "CZE"]

1. c4 g6 2. d4 Bg7 3. e4 d6 4. Nc3 Nc6 5. Be3 e5 6. Nge2 Bg4 7. f3 Bd7 8. Qd2 a6 9. d5 Nce7 10. g4 f5 11. Rg1 f4 12. Bf2 g5 13. c5 Nf6 14. 0-0-0 Kf7 15. Kb1 Ng6 16. Nc1 h5 17. h3 hxg4 18. fxg4 Nh4 19. Qd3 Bf8 20. Nb3 Bc8 21. Be2 Nd7 22. c6 bxc6 23. dxc6 Nf6 24. Rc1 Be7 25. Nd2 Be6 26. Bxh4 gxh4 27. Nf3 Kg7 28. Rcd1 Qg8 1/2-1/2

[Event "EUR-chT Seniors 65"]
[Site "Mali Losinj"]
[Date "2019.09.26"]
[Round "9.1"]
[White "Vadlja, Stjepan"]
[Black "Beilfuss, Wilfried"]
[Result "0-1"]
[WhiteElo "1636"]
[BlackElo "2192"]
[PlyCount "86"]
[EventDate "2019.09.18"]
[EventType "team-swiss"]
[EventRounds "9"]
[EventCountry "CRO"]
[SourceTitle "EXT 2020"]
[Source "ChessBase"]
[SourceDate "2019.10.17"]
[SourceVersion "1"]
[SourceVersionDate "2019.10.17"]
[SourceQuality "1"]
[WhiteTeam "Mursko Sredisce 65"]
[BlackTeam "Bielefeld Rochade 65"]
[WhiteTeamCountry "CRO"]
[BlackTeamCountry "GER"]

1. d4 Nf6 2. c4 c5 3. Nc3 cxd4 4. Qxd4 Nc6 5. Qd1 e6 6. Nf3 Bb4 7. Qc2 d5 8. e3 Ne4 9. a3 Qa5 10. Bd2 Nxd2 11. Nxd2 Bxc3 12. bxc3 dxc4 13. Nxc4 Qc5 14. Bd3 h6 15. 0-0 0-0 16. Nd2 Rd8 17. Nb3 Qe7 18. Rfd1 Bd7 19. Be4 Rac8 20. Nd4 Na5 21. Ne2 Bb5 22. Rxd8+ Rxd8 23. Nd4 Bc4 24. Bf3 Rc8 25. Qa4 Qc7 26. Rc1 a6 27. Qb4 g6 28. h3 e5 29. Ne2 e4 30. Nd4 exf3 31. Nxf3 Rd8 32. Nd4 Bd5 33. Ne2 Nc6 34. Qh4 Kh7 35. g4 Qe7 36. Qg3 Qe4 37. Kf1 Bc4 38. Re1 Rd2 39. f3 Qxe3 40. Qf2 Qd3 41. h4 Ne5 42. g5 Nxf3 43. gxh6 Nxe1 0-1

[Event "EUR-chT Seniors 65"]
[Site "Mali Losinj"]
[Date "2019.09.23"]
[Round "6.1"]
[White "Balashov, Yuri S"]
[Black "Beilfuss, Wilfried"]
[Result "1-0"]
[WhiteElo "2466"]
[BlackElo "2192"]
[PlyCount "43"]
[EventDate "2019.09.18"]
[EventType "team-swiss"]
[EventRounds "9"]
[EventCountry "CRO"]
[SourceTitle "EXT 2020"]
[Source "ChessBase"]
[SourceDate "2019.10.17"]
[SourceVersion "1"]
[SourceVersionDate "2019.10.17"]
[SourceQuality "1"]
[WhiteTeam "Russia 65"]
[BlackTeam "Bielefeld Rochade 65"]
[WhiteTeamCountry "RUS"]
[BlackTeamCountry "GER"]

1. e4 c5 2. Nf3 Nc6 3. Nc3 e6 4. d4 cxd4 5. Nxd4 Qc7 6. Be3 a6 7. a3 Nf6 8. Be2 Be7 9. f4 d6 10. 0-0 0-0 11. Kh1 Bd7 12. Qe1 Rac8 13. Qg3 Kh8 14. Bd3 e5 15. fxe5 Nxe5 16. Nf5 Bxf5 17. Rxf5 g6 18. Rxf6 Bxf6 19. Nd5 Qd8 20. Bb6 Qd7 21. Nxf6 Qe6 22. Rf1 1-0

[Event "EUR-chT Seniors 65"]
[Site "Mali Losinj"]
[Date "2019.09.22"]
[Round "5.4"]
[White "Beilfuss, Wilfried"]
[Black "Quinn, John M"]
[Result "1/2-1/2"]
[WhiteElo "2192"]
[BlackElo "2105"]
[PlyCount "60"]
[EventDate "2019.09.18"]
[EventType "team-swiss"]
[EventRounds "9"]
[EventCountry "CRO"]
[SourceTitle "EXT 2020"]
[Source "ChessBase"]
[SourceDate "2019.10.17"]
[SourceVersion "1"]
[SourceVersionDate "2019.10.17"]
[SourceQuality "1"]
[WhiteTeam "Bielefeld Rochade 65"]
[BlackTeam "England 65"]
[WhiteTeamCountry "GER"]
[BlackTeamCountry "ENG"]

1. c4 e5 2. g3 c6 3. d4 e4 4. Bg2 d5 5. Nc3 Nf6 6. Bg5 Nbd7 7. cxd5 cxd5 8. Qb3 Bd6 9. Nh3 h6 10. Bf4 Bxf4 11. Nxf4 Nb6 12. 0-0 0-0 13. Rad1 Re8 14. Rfe1 g5 15. Nh3 Nc4 16. Nb1 Qa5 17. Nc3 Bd7 18. Rc1 Rac8 19. Qc2 Rc7 20. f3 Qb6 21. fxe4 Qxd4+ 22. Kh1 Ne3 23. Qd3 Qxd3 24. exd3 Nxg2 25. Kxg2 Bc6 26. Nb5 Rce7 27. Nd6 dxe4 28. Nxe8 Rxe8 29. dxe4 Nxe4 30. Kg1 f5 1/2-1/2

[Event "EUR-chT Seniors 65"]
[Site "Mali Losinj"]
[Date "2019.09.20"]
[Round "3.5"]
[White "Beilfuss, Wilfried"]
[Black "James, Kevin"]
[Result "1-0"]
[WhiteElo "2192"]
[BlackElo "1959"]
[PlyCount "79"]
[EventDate "2019.09.18"]
[EventType "team-swiss"]
[EventRounds "9"]
[EventCountry "CRO"]
[SourceTitle "EXT 2020"]
[Source "ChessBase"]
[SourceDate "2019.10.17"]
[SourceVersion "1"]
[SourceVersionDate "2019.10.17"]
[SourceQuality "1"]
[WhiteTeam "Bielefeld Rochade 65"]
[BlackTeam "Ireland 65"]
[WhiteTeamCountry "GER"]
[BlackTeamCountry "IRL"]

1. g3 c5 2. Nf3 g6 3. c3 Bg7 4. d4 cxd4 5. cxd4 d5 6. Nc3 Nf6 7. Bg2 Nc6 8. Ne5 0-0 9. 0-0 e6 10. Bg5 Qb6 11. Na4 Qb4 12. a3 Qd6 13. Nxc6 Qxc6 14. Rc1 Qb5 15. Rc5 Qd7 16. Bf4 Ne8 17. e3 b6 18. Rc3 Bb7 19. Qc2 Rc8 20. Rxc8 Qxc8 21. Rc1 Nf6 22. Qxc8 Rxc8 23. Rxc8+ Bxc8 24. Bb8 Bd7 25. b3 Bxa4 26. bxa4 a6 27. Bf1 Kf8 28. Bxa6 Ke8 29. Bc7 Nd7 30. Bb5 Bf8 31. Bxb6 Bxa3 32. a5 Ke7 33. Ba7 Bd6 34. a6 Kd8 35. Bxd7 Kxd7 36. Bc5 Bxc5 37. dxc5 Kc7 38. Kf1 e5 39. Ke2 g5 40. g4 1-0

[Event "GER-ch Seniors 65 31st"]
[Site "Radebeul"]
[Date "2019.04.26"]
[Round "1"]
[White "Hadlich, Winfried"]
[Black "Beilfuss, Wilfried"]
[Result "0-1"]
[WhiteElo "1854"]
[BlackElo "2148"]
[PlyCount "76"]
[EventDate "2019.04.26"]
[EventType "swiss"]
[EventRounds "9"]
[EventCountry "GER"]
[SourceTitle "CBM 190 Extra"]
[Source "ChessBase"]
[SourceDate "2019.07.15"]
[SourceVersion "1"]
[SourceVersionDate "2019.07.15"]
[SourceQuality "1"]

1. d4 Nf6 2. Bf4 e6 3. e3 c5 4. Bd3 b6 5. c3 Bb7 6. Nf3 Be7 7. Nbd2 0-0 8. 0-0 Ba6 9. Qe2 Bxd3 10. Qxd3 Nc6 11. e4 cxd4 12. Nxd4 Nxd4 13. cxd4 d5 14. e5 Nd7 15. Qg3 Kh8 16. Nf3 Rc8 17. Rac1 Nb8 18. h4 Qd7 19. Bd2 Qa4 20. a3 Nc6 21. Bc3 b5 22. Qf4 a5 23. Qe3 b4 24. axb4 axb4 25. Bd2 Qb5 26. b3 Na5 27. Ra1 Ra8 28. Rfc1 Rfc8 29. g3 h6 30. Ne1 Rxc1 31. Rxc1 Nc6 32. Nd3 Ra3 33. Nc5 Kh7 34. Qf4 Kg8 35. Qg4 Kh8 36. Nxe6 fxe6 37. Qxe6 Ra6 38. Kg2 Qb7 0-1

[Event "WchT Seniors 50"]
[Site "Hersonissos"]
[Date "2017.04.29"]
[Round "6.9"]
[White "Beilfuss, Wilfried"]
[Black "Ralphs, Nigel"]
[Result "1/2-1/2"]
[WhiteElo "2176"]
[BlackElo "2058"]
[PlyCount "34"]
[EventDate "2017.04.24"]
[EventType "team-swiss"]
[EventRounds "9"]
[EventCountry "GRE"]
[SourceTitle "EXT 2018"]
[Source "ChessBase"]
[SourceDate "2017.10.13"]
[SourceVersion "1"]
[SourceVersionDate "2017.10.13"]
[SourceQuality "1"]
[WhiteTeam "Bielefeld"]
[BlackTeam "Wales"]
[WhiteTeamCountry "GER"]
[BlackTeamCountry "WLS"]

1. g3 d5 2. Nf3 c6 3. Bg2 Bg4 4. 0-0 e6 5. b3 Nd7 6. Bb2 Ngf6 7. c4 Bd6 8. d4 0-0 9. Nbd2 a5 10. a3 h6 11. Ne5 Bf5 12. h3 Ne4 13. Nxe4 Bxe4 14. Bxe4 dxe4 15. Nxd7 Qxd7 16. e3 f5 17. Qc2 Qe7 1/2-1/2

[Event "WchT Seniors 50"]
[Site "Radebeul"]
[Date "2016.07.02"]
[Round "7.17"]
[White "Wagner, Bernd1111"]
[Black "Beilfuss, Wilfried"]
[Result "0-1"]
[WhiteElo "1935"]
[BlackElo "2193"]
[PlyCount "73"]
[EventDate "2016.06.26"]
[EventType "team-swiss"]
[EventRounds "9"]
[EventCountry "GER"]
[SourceTitle "CBM 173 Extra"]
[Source "ChessBase"]
[SourceDate "2016.08.29"]
[SourceVersion "1"]
[SourceVersionDate "2016.08.29"]
[SourceQuality "1"]
[WhiteTeam "Bernburg"]
[BlackTeam "Bielefeld Rochade"]
[WhiteTeamCountry "GER"]
[BlackTeamCountry "GER"]

1. d4 Nf6 2. Nf3 e6 3. e3 b6 4. Nbd2 c5 5. b3 Bb7 6. Bb2 Be7 7. Bd3 cxd4 8. exd4 0-0 9. 0-0 d6 10. Qe2 Nbd7 11. Rfe1 Nd5 12. Be4 N7f6 13. c4 Nf4 14. Qe3 Nxe4 15. Nxe4 Ng6 16. Rad1 d5 17. cxd5 Bxd5 18. g3 h6 19. h4 Re8 20. Nc3 Bb4 21. a3 Bxc3 22. Qxc3 Rc8 23. Qd3 Qc7 24. Re3 Ne7 25. Re5 Qc2 26. Re2 Qxb3 27. Qxb3 Bxb3 28. Rdd2 Rc7 29. Re3 Bd5 30. g4 Rec8 31. Ne1 Bb7 32. Kh2 Nd5 33. Rb3 a5 34. g5 h5 35. Kg3 a4 36. Rbd3 Ne7 37. f4 0-1

[Event "WchT Seniors 50"]
[Site "Radebeul"]
[Date "2016.07.01"]
[Round "6.16"]
[White "Beilfuss, Wilfried"]
[Black "Dijkstra, Matthijs"]
[Result "0-1"]
[WhiteElo "2193"]
[BlackElo "2034"]
[PlyCount "42"]
[EventDate "2016.06.26"]
[EventType "team-swiss"]
[EventRounds "9"]
[EventCountry "GER"]
[SourceTitle "CBM 173 Extra"]
[Source "ChessBase"]
[SourceDate "2016.08.29"]
[SourceVersion "1"]
[SourceVersionDate "2016.08.29"]
[SourceQuality "1"]
[WhiteTeam "Bielefeld Rochade"]
[BlackTeam "Oranje II"]
[WhiteTeamCountry "GER"]
[BlackTeamCountry "NED"]

1. g3 f5 2. c4 Nf6 3. Nf3 d6 4. d4 g6 5. Bg2 Bg7 6. 0-0 0-0 7. b3 c5 8. Bb2 Na6 9. Nc3 Bd7 10. e3 Qe8 11. dxc5 Nxc5 12. Nd4 Rb8 13. Qc2 a6 14. a4 e5 15. Nde2 Bc6 16. Rfe1 Bxg2 17. Kxg2 Qe6 18. Nd5 g5 19. h4 f4 20. Kh1 Ng4 21. Ng1 fxg3 0-1

[Event "EU-chT Seniors"]
[Site "Vienna"]
[Date "2015.07.16"]
[Round "5.9"]
[White "Beilfuss, Wilfried"]
[Black "Gass, Ulrich"]
[Result "1/2-1/2"]
[WhiteElo "2250"]
[BlackElo "2031"]
[PlyCount "44"]
[EventDate "2015.07.12"]
[EventType "team-swiss"]
[EventRounds "9"]
[EventCountry "AUT"]
[SourceTitle "EXT 2018"]
[Source "ChessBase"]
[SourceDate "2017.10.13"]
[SourceVersion "1"]
[SourceVersionDate "2017.10.13"]
[SourceQuality "1"]
[WhiteTeam "Bielefeld Rochade"]
[BlackTeam "Eppingen"]
[WhiteTeamCountry "GER"]
[BlackTeamCountry "GER"]

1. c4 e5 2. Nc3 Nf6 3. Nf3 Nc6 4. e3 Bb4 5. Qc2 0-0 6. d3 Bxc3+ 7. Qxc3 e4 8. dxe4 Nxe4 9. Qc2 d5 10. a3 Bf5 11. cxd5 Qxd5 12. Qc4 Qd7 13. Be2 a6 14. b4 b5 15. Qb3 Be6 16. Qc2 Nd6 17. Bb2 Bc4 18. 0-0 Bxe2 19. Qxe2 Nc4 20. Rfd1 Qe7 21. Nd4 Qf6 22. Bc3 Nxd4 1/2-1/2

[Event "EU-chT Seniors"]
[Site "Vienna"]
[Date "2015.07.13"]
[Round "2.16"]
[White "Beilfuss, Wilfried"]
[Black "Algars, Olle"]
[Result "0-1"]
[WhiteElo "2250"]
[BlackElo "1960"]
[PlyCount "82"]
[EventDate "2015.07.12"]
[EventType "team-swiss"]
[EventRounds "9"]
[EventCountry "AUT"]
[SourceTitle "EXT 2018"]
[Source "ChessBase"]
[SourceDate "2017.10.13"]
[SourceVersion "1"]
[SourceVersionDate "2017.10.13"]
[SourceQuality "1"]
[WhiteTeam "Bielefeld Rochade"]
[BlackTeam "Sweden II"]
[WhiteTeamCountry "GER"]
[BlackTeamCountry "SWE"]

1. c4 Nf6 2. Nc3 d5 3. cxd5 Nxd5 4. Nf3 Nc6 5. e3 e5 6. Bb5 Nxc3 7. bxc3 e4 8. Nd4 Bd7 9. 0-0 Ne5 10. Bxd7+ Qxd7 11. Qc2 Nd3 12. f3 c5 13. Ne2 Rd8 14. fxe4 Bd6 15. Nf4 Bxf4 16. exf4 0-0 17. Bb2 Rfe8 18. e5 Qb5 19. Rab1 Qc4 20. Qb3 Qe4 21. Qc2 Qe2 22. g3 Re7 23. Qd1 Qe4 24. Rf3 Red7 25. Ba1 b6 26. Re3 Qg6 27. Rf3 Qc6 28. Re3 c4 29. Bb2 Qc5 30. Qf3 Qb5 31. Qe4 Nxb2 32. f5 Rxd2 33. e6 f6 34. e7 Rd1+ 35. Kg2 Re8 36. Qe6+ Kh8 37. Qf7 Rd2+ 38. Kh3 h6 39. Rf1 Nd3 40. Re6 Qd7 41. g4 Nc5 0-1

[Event "Oberliga NRW 9394 II"]
[Site "Germany"]
[Date "1994.??.??"]
[Round "?"]
[White "Hoehn, Jan"]
[Black "Beilfuss, Wilfried"]
[Result "0-1"]
[WhiteElo "2210"]
[BlackElo "2265"]
[PlyCount "50"]
[EventDate "1993.10.??"]
[EventType "team"]
[EventRounds "9"]
[EventCountry "GER"]
[SourceTitle "GER"]
[Source "ChessBase"]
[SourceDate "1999.07.01"]
[SourceVersion "1"]
[SourceVersionDate "1999.07.01"]
[SourceQuality "1"]

1. e4 c5 2. Nf3 Nc6 3. d4 cxd4 4. Nxd4 Qb6 5. Nb3 Nf6 6. Nc3 e6 7. Bd3 a6 8. a4 Qc7 9. Be3 b6 10. f4 d6 11. 0-0 Be7 12. g4 Nd7 13. g5 0-0 14. Qh5 g6 15. Qh6 Re8 16. Rf3 Bf8 17. Qh4 Qd8 18. Rh3 h5 19. Ne2 Nb4 20. f5 exf5 21. exf5 Nxd3 22. fxg6 fxg6 23. cxd3 Nc5 24. Nxc5 dxc5 25. Rf3 Bg4 0-1

[Event "Liechtenstein op 11th"]
[Site "Liechtenstein"]
[Date "1993.??.??"]
[Round "5"]
[White "Beilfuss, Wilfried"]
[Black "Foisor, Cristina Adela B"]
[Result "1-0"]
[WhiteElo "2250"]
[BlackElo "2360"]
[PlyCount "53"]
[EventDate "1993.??.??"]
[EventType "swiss"]
[EventRounds "9"]
[EventCountry "LIE"]
[SourceTitle "TD"]
[Source "ChessBase"]
[SourceDate "1994.03.01"]
[SourceVersion "1"]
[SourceVersionDate "1994.03.01"]
[SourceQuality "1"]

1. c4 Nf6 2. Nc3 g6 3. e4 d6 4. d4 Bg7 5. f3 a6 6. Be3 Nc6 7. Qd2 Rb8 8. a3 0-0 9. Nge2 Bd7 10. b4 b5 11. cxb5 axb5 12. d5 Ne5 13. Nd4 Qe8 14. Be2 e6 15. 0-0 Nc4 16. Bxc4 bxc4 17. Rfe1 exd5 18. exd5 Qe5 19. Bg5 h6 20. Rxe5 dxe5 21. Bxf6 Bxf6 22. Ne4 Bg7 23. Nc6 Rb6 24. Rc1 Bxc6 25. dxc6 Rxc6 26. Qd5 Ra6 27. Rxc4 1-0

[Event "Bundesliga 9293"]
[Site "Germany"]
[Date "1993.??.??"]
[Round "?.8"]
[White "Beilfuss, Wilfried"]
[Black "Sievers, Stefan"]
[Result "1/2-1/2"]
[WhiteElo "2235"]
[BlackElo "2340"]
[PlyCount "90"]
[EventDate "1992.10.24"]
[EventType "team-tourn"]
[EventRounds "15"]
[EventCountry "GER"]
[SourceTitle "GER-chT"]
[Source "ChessBase"]
[SourceDate "1999.07.01"]
[SourceVersion "1"]
[SourceVersionDate "1999.07.01"]
[SourceQuality "1"]
[WhiteTeam "Bielefeld"]
[BlackTeam "Hamburger SK"]
[WhiteTeamCountry "GER"]
[BlackTeamCountry "GER"]

1. Nf3 c5 2. c4 Nc6 3. Nc3 g6 4. e3 Bg7 5. d4 cxd4 6. exd4 d6 7. d5 Ne5 8. Nxe5 dxe5 9. Be2 Nh6 10. 0-0 Nf5 11. b3 0-0 12. Bb2 Nd4 13. Re1 e6 14. Bf3 f5 15. g3 e4 16. Bg2 b5 17. Nxb5 Nxb5 18. Bxg7 Kxg7 19. cxb5 exd5 20. Qd4+ Kf7 21. Rac1 Be6 22. Rc6 Qf6 23. Qc5 Rfd8 24. Rc7+ Kg8 25. Rxa7 Rxa7 26. Qxa7 d4 27. b6 d3 28. Qc7 Rd7 29. Qc8+ Rd8 30. Qc7 Bd5 31. Bf1 Qd6 32. Rc1 Rd7 33. Qc8+ Kg7 34. Rc7 Rxc7 35. bxc7 d2 36. Be2 e3 37. fxe3 Qe7 38. Kf2 f4 39. exf4 Qc5+ 40. Kf1 Qc1+ 41. Kf2 Qe1+ 42. Ke3 d1Q 43. Qd7+ Kh6 44. Qh3+ Kg7 45. Qd7+ Kh6 1/2-1/2

[Event "Bundesliga 9293"]
[Site "Germany"]
[Date "1992.??.??"]
[Round "?.8"]
[White "Beilfuss, Wilfried"]
[Black "Schmidt, Bodo"]
[Result "1/2-1/2"]
[WhiteElo "2235"]
[BlackElo "2340"]
[PlyCount "62"]
[EventDate "1992.10.24"]
[EventType "team-tourn"]
[EventRounds "15"]
[EventCountry "GER"]
[SourceTitle "GER-chT"]
[Source "ChessBase"]
[SourceDate "1999.07.01"]
[SourceVersion "1"]
[SourceVersionDate "1999.07.01"]
[SourceQuality "1"]
[WhiteTeam "Bielefeld"]
[BlackTeam "Solingen"]
[WhiteTeamCountry "GER"]
[BlackTeamCountry "GER"]

1. c4 c6 2. d4 d5 3. Nc3 Nf6 4. e3 e6 5. Nf3 Nbd7 6. Bd3 Be7 7. 0-0 0-0 8. e4 dxe4 9. Nxe4 c5 10. Nxc5 Nxc5 11. dxc5 Qc7 12. Qe2 Qxc5 13. b3 Qh5 14. Bb2 b6 15. Ne5 Bb7 16. Rad1 Rfd8 17. f3 Bc5+ 18. Kh1 Rd6 19. Bc2 Qh4 20. g3 Qh5 21. Kg2 Rad8 22. Rxd6 Rxd6 23. h3 Bd4 24. Rd1 Qxe5 25. Qxe5 Bxe5 26. Bxe5 Rxd1 27. Bxd1 Nd7 28. Bc3 f6 29. Kf2 Kf7 30. Ke3 e5 31. f4 Ke6 1/2-1/2